Crop science (Record no. 113662)

MARC details
000 -LEADER
fixed length control field 01382cas a22003495a 4500
001 - CONTROL NUMBER
control field vtls003132189
003 - CONTROL NUMBER IDENTIFIER
control field MY-SjTCS
005 - DATE AND TIME OF LATEST TRANSACTION
control field 20200207085210.0
006 - FIXED-LENGTH DATA ELEMENTS--ADDITIONAL MATERIAL CHARACTERISTICS
fixed length control field m d ||||||
007 - PHYSICAL DESCRIPTION FIXED FIELD--GENERAL INFORMATION
fixed length control field cr anunnnuuuaa
008 - FIXED-LENGTH DATA ELEMENTS--GENERAL INFORMATION
fixed length control field 750824c19619999wiubr p 0 a0eng d
022 ## - INTERNATIONAL STANDARD SERIAL NUMBER
International Standard Serial Number 0011-183X
Canceled ISSN 0590-126X
Source 1
035 ## - SYSTEM CONTROL NUMBER
System control number (EbpS)ebs678369
039 #9 - LEVEL OF BIBLIOGRAPHIC CONTROL AND CODING DETAIL [OBSOLETE]
Level of rules in bibliographic description 201211231229
Level of effort used to assign nonsubject heading access points izani
-- 200812260838
-- VLOAD
050 10 - LIBRARY OF CONGRESS CALL NUMBER
Classification number ISSN RECORD
050 14 - LIBRARY OF CONGRESS CALL NUMBER
Classification number SB183
Item number .C7
070 0# - NATIONAL AGRICULTURAL LIBRARY CALL NUMBER
Classification number 64.8
Item number C883
245 00 - TITLE STATEMENT
Title Crop science
Medium [electronic resource].
260 ## - PUBLICATION, DISTRIBUTION, ETC.
Place of publication, distribution, etc. [Madison, Wis.] :
Name of publisher, distributor, etc. Crop Science Society of America,
Date of publication, distribution, etc. 1961-
310 ## - CURRENT PUBLICATION FREQUENCY
Current publication frequency Bimonthly
362 0# - DATES OF PUBLICATION AND/OR SEQUENTIAL DESIGNATION
Dates of publication and/or sequential designation Vol. 1, no. 1 (Jan./Feb. 1961)-
500 ## - GENERAL NOTE
General note Academic Journal
529 ## -
-- TSLHHL
530 ## - ADDITIONAL PHYSICAL FORM AVAILABLE NOTE
Additional physical form available note Indexing and abstracting for print publication.
555 ## - CUMULATIVE INDEX/FINDING AIDS NOTE
Cumulative index/finding aids note Vols. 1-5, 1961-65; Vols. 6-10, 1966-70.
650 #0 - SUBJECT ADDED ENTRY--TOPICAL TERM
Topical term or geographic name entry element Crop science
Form subdivision Periodicals.
650 #6 - SUBJECT ADDED ENTRY--TOPICAL TERM
Topical term or geographic name entry element Cultures
Form subdivision Périodiques.
650 #6 - SUBJECT ADDED ENTRY--TOPICAL TERM
Topical term or geographic name entry element Cultures de plein champ
Form subdivision Périodiques.
710 2# - ADDED ENTRY--CORPORATE NAME
Corporate name or jurisdiction name as entry element Crop Science Society of America.
773 0# - HOST ITEM ENTRY
Title Academic Source Complete
Place, publisher, and date of publication Ipswich, MA : EBSCO Publishing, 1999-
856 40 - ELECTRONIC LOCATION AND ACCESS
Materials specified Abstracts Available: Jul 1996-
Public note Available on EBSCOhost.
Uniform Resource Identifier https://ezproxy.taylors.edu.my/login?url=https://search.ebscohost.com/direct.asp?db=a9h&jid=CSE
Holdings
Withdrawn status Lost status Damaged status Not for loan Home library Current library Date acquired Total Checkouts Date last seen Price effective from Koha item type
      e-journal Taylor's Library-TU Taylor's Library-TU 10/12/2025   10/12/2025 10/12/2025 Journals